000
00274nam a22001217a 4500
008
180803b xxu||||| |||| 00| 0 eng d
082
_a
813.52
245
_a
Organic chemystry
_c
VINING.W.J
260
_c
2001
300
_a
1
_f
CD
440
_x
9780030219696
942
_2
ddc
_c
MX
999
_c
46782
_d
46782